Normal view
MARC view
- Chabay, Ruth W Sherwood, Bruce A
Entry Personal Name
001 - CONTROL NUMBER
- control field: 62729
003 - CONTROL NUMBER IDENTIFIER
- control field: NUST
005 - DATE AND TIME OF LATEST TRANSACTION
- control field: 20210628203003.0
008 - FIXED-LENGTH DATA ELEMENTS
- fixed length control field: 210628|| aca||aabn | a|a d
040 ## - CATALOGING SOURCE
- Original cataloging agency: NUST
- Transcribing agency: NUST
100 ## - HEADING--PERSONAL NAME
- Personal name: Chabay, Ruth W Sherwood, Bruce A
670 ## - SOURCE DATA FOUND
- Source citation: Work cat.: (NUST): Chabay, Ruth W Sherwood, Bruce A, Matter and interactions,vol- ii, electric and magnetic interactions, 2002
